00868nam a22001937a 4500003000200000005001700002008004100019050002600060100002300086245013500109260007300244300002800317500005200345504005800397650004300455650004800498650005200546650007600598020250213115807.0250213b xxu||||| |||| 00| 0 eng d aLB 1028.43b.D66 2023 aDonor, Charles L.  aDesign and development of an alumni tracking system for the tertiary level of SISC Office of the Student AffairscCharles L. Donor aLas Pinas CitybSouthville International School and Collegescc2023. axi, 153 pages ;c28cm.  aBachelor of Science in Information Technology.  aIncludes bibliographical references and appendices.  aAlumni and alumnae—Tracking systems. a Educational technology—Higher education. aDatabase management—Educational institutions. a Southville International School and Colleges—Alumni Tracking System.